LEADER 00534nab a2200133 i 4500 001 000000326673 003 CaOOAMICUS 005 20180831173526.0 008 180831n it uu u0 0ita r 013 $a37832 040 $aSeMil$bita 245 10$aPropedeutica-Seminario Minore. La nuova Comunità 2000/2001. - In [rubrica] :$bNotizie dai Seminari. 773 0 $t[NOVEMBRE 2000]. - 32 p.$gp.22$w()288231 996 $6245$aPropedeutica-Seminario Minore. La nuova Comunità 2000/2001. - In [rubrica] :$bNotizie dai Seminari.$9(OLS)http://semarc/title/399734 LEADER 00529naa a2200145 i 4500 001 000000303268 003 CaOOAMICUS 005 20180831172756.0 008 180831n xx u000 u und u 013 $a11050 040 $aSeMil$bita 100 1 $aDrewermann, Eugen,$d<1940- >.$0(OLS)http://semarc/name/1302 245 10$aAl servizio della verità. 773 0 $tControversia sui chierici.$dBrescia : Queriniana, copyr. 1991.$kGiornale di teologia$z88-399-0703-3$w()37692 996 $6245$aAl servizio della verità$9(OLS)http://semarc/title/379245